[Event "Arco op 41st"]
[Site "Arco"]
[Date "2019.10.10"]
[Round "7"]
[White "Vezzani, Stefano"]
[Black "Schaberg, Wolfgang"]
[Result "1/2-1/2"]
[WhiteElo "2149"]
[BlackElo "1808"]
[PlyCount "119"]
[EventDate "2019.10.04"]
[EventType "swiss"]
[EventRounds "9"]
[EventCountry "ITA"]
[SourceTitle "EXT 2020"]
[Source "ChessBase"]
[SourceDate "2019.10.17"]
[SourceVersion "1"]
[SourceVersionDate "2019.10.17"]
[SourceQuality "1"]

1. e4 e5 2. Nf3 Nf6 3. Nxe5 d6 4. Nc4 Nxe4 5. Qe2 Qe7 6. Ne3 Nc6 7. c3 Nf6 8. Na3 a6 9. g3 g6 10. Bg2 Bg7 11. Nac2 Be6 12. b3 0-0 13. 0-0 Rfe8 14. Bb2 Qd7 15. Rfe1 Bh3 16. Bh1 Re7 17. d4 Rae8 18. Qd3 h5 19. f3 Bh6 20. Kf2 d5 21. Rad1 h4 22. c4 a5 23. Bc1 Nb4 24. Nxb4 axb4 25. cxd5 Bxe3+ 26. Rxe3 Nxd5 27. Rxe7 Qxe7 28. Bd2 Bf5 29. Qc4 Ne3 30. Re1 hxg3+ 31. hxg3 Nxc4 32. Rxe7 Rxe7 33. bxc4 Bd3 34. Bxb4 Re2+ 35. Kg1 Bxc4 36. a4 Rb2 37. Be7 Bd5 38. Bd8 c6 39. a5 f5 40. Bg2 Kf7 41. Kf1 Ra2 42. Kg1 Ke8 43. Bb6 g5 44. Bh3 Be6 45. Bf1 Kf7 46. Bd3 Ra3 47. Be2 Bd5 48. Kf2 Ra2 49. Kf1 Kg6 50. Ke1 Ra3 51. Kf2 Rc3 52. Bc5 Rc2 53. Ke1 Bc4 54. Bd1 Ra2 55. Bb6 Kf7 56. Bd8 Ke6 57. g4 Kd5 58. gxf5 Kxd4 59. f6 Ke5 60. f4+ 1/2-1/2

[Event "Arco op 41st"]
[Site "Arco"]
[Date "2019.10.06"]
[Round "3"]
[White "Schaberg, Wolfgang"]
[Black "Caruso, Daniele"]
[Result "1-0"]
[WhiteElo "1808"]
[BlackElo "1989"]
[PlyCount "77"]
[EventDate "2019.10.04"]
[EventType "swiss"]
[EventRounds "9"]
[EventCountry "ITA"]
[SourceTitle "EXT 2020"]
[Source "ChessBase"]
[SourceDate "2019.10.17"]
[SourceVersion "1"]
[SourceVersionDate "2019.10.17"]
[SourceQuality "1"]

1. e4 e6 2. d4 d5 3. Nd2 Nf6 4. e5 Nfd7 5. Bd3 c5 6. c3 Nc6 7. Ne2 cxd4 8. cxd4 f6 9. Nf4 Nxd4 10. Qh5+ Ke7 11. Ng6+ hxg6 12. exf6+ Nxf6 13. Qxh8 Kf7 14. Qh4 e5 15. Nf3 Nxf3+ 16. gxf3 Bf5 17. Bxf5 gxf5 18. Bg5 Qa5+ 19. Kf1 Rc8 20. Bxf6 gxf6 21. Qh7+ Ke6 22. Qxb7 Rc2 23. Kg2 Qd2 24. Rhf1 e4 25. Rad1 Qg5+ 26. Kh1 Rd2 27. Qc8+ Kf7 28. Rxd2 Qxd2 29. Qxf5 Qd3 30. Kg2 Bd6 31. fxe4 d4 32. Qd7+ Be7 33. Qd5+ Kf8 34. Rc1 Qd2 35. Rc8+ Kg7 36. Qg8+ Kh6 37. Qg4 Kh7 38. Rc7 Qb4 39. Qe6 1-0

[Event "Arco op 41st"]
[Site "Arco"]
[Date "2019.10.05"]
[Round "2"]
[White "Bellmann, Rambald"]
[Black "Schaberg, Wolfgang"]
[Result "1-0"]
[WhiteElo "2089"]
[BlackElo "1808"]
[PlyCount "51"]
[EventDate "2019.10.04"]
[EventType "swiss"]
[EventRounds "9"]
[EventCountry "ITA"]
[SourceTitle "EXT 2020"]
[Source "ChessBase"]
[SourceDate "2019.10.17"]
[SourceVersion "1"]
[SourceVersionDate "2019.10.17"]
[SourceQuality "1"]

1. e4 e5 2. Nf3 Nf6 3. Nxe5 d6 4. Nf3 Nxe4 5. Nc3 Nxc3 6. dxc3 Be7 7. Be3 Nc6 8. Qd2 Bf5 9. h3 h6 10. 0-0-0 a6 11. Rg1 Be4 12. Be2 Qd7 13. Kb1 Bf6 14. Nd4 Nxd4 15. Bxd4 0-0-0 16. Qf4 Bf5 17. Bf3 Bxd4 18. Qxd4 Kb8 19. Qxg7 Qa4 20. Rc1 Rhg8 21. Qxf7 Qf4 22. Qb3 Bc8 23. Rgd1 c5 24. Qd5 Rg6 25. Re1 Rf8 26. Re7 1-0

[Event "Arco Christmas op 8th"]
[Site "Arco"]
[Date "2017.12.29"]
[Round "5"]
[White "Ziberna, Giuliano"]
[Black "Schaberg, Wolfgang"]
[Result "0-1"]
[WhiteElo "1589"]
[BlackElo "1843"]
[PlyCount "88"]
[EventDate "2017.12.26"]
[EventType "swiss"]
[EventRounds "7"]
[EventCountry "ITA"]
[SourceTitle "CBM 182 Extra"]
[Source "ChessBase"]
[SourceDate "2018.02.23"]
[SourceVersion "1"]
[SourceVersionDate "2018.02.23"]
[SourceQuality "1"]

1. d4 Nf6 2. c4 e6 3. Nc3 Bb4 4. Qc2 d5 5. Bg5 h6 6. Bh4 c5 7. e3 cxd4 8. exd4 Nc6 9. 0-0-0 Be7 10. c5 0-0 11. f3 b6 12. Bf2 bxc5 13. dxc5 Qa5 14. Qa4 Qxa4 15. Nxa4 Bd7 16. Bb5 Rfb8 17. Nc3 a6 18. Ba4 Na5 19. Bxd7 Nxd7 20. Na4 Rb4 21. b3 Rc8 22. Ne2 Nb7 23. Kb1 Nbxc5 24. Nxc5 Nxc5 25. Rc1 Rbb8 26. Bg3 Ra8 27. Rhd1 Nd7 28. Nc3 Ba3 29. Rc2 Nb6 30. Bf2 Rab8 31. Bd4 Rb7 32. Bxb6 Rxb6 33. Na4 Rxc2 34. Kxc2 Rc6+ 35. Kd3 Bb4 36. Rf1 Kf8 37. f4 Ke7 38. Rf3 Rc1 39. Rf2 Kd6 40. Rc2 Rxc2 41. Kxc2 f6 42. Nb2 e5 43. Nd3 a5 44. fxe5+ fxe5 0-1

[Event "Arco op-A 39th"]
[Site "Arco"]
[Date "2017.10.09"]
[Round "3"]
[White "Schaberg, Wolfgang"]
[Black "Kellner, Nikolaus"]
[Result "1/2-1/2"]
[WhiteElo "1867"]
[BlackElo "1657"]
[PlyCount "120"]
[EventDate "2017.10.07"]
[EventType "swiss"]
[EventRounds "9"]
[EventCountry "ITA"]
[SourceTitle "CBM 181 Extra"]
[Source "ChessBase"]
[SourceDate "2017.12.12"]
[SourceVersion "1"]
[SourceVersionDate "2017.12.12"]
[SourceQuality "1"]

1. e4 e6 2. d4 d5 3. Nd2 c5 4. exd5 exd5 5. Bb5+ Nc6 6. Ngf3 Bd6 7. dxc5 Bxc5 8. Nb3 Qb6 9. Qe2+ Be6 10. Nxc5 Qxc5 11. Be3 Qb4+ 12. c3 Qa5 13. Nd4 Nge7 14. Bxc6+ Nxc6 15. Nxe6 fxe6 16. Qg4 Kf7 17. Qf3+ Kg8 18. 0-0 Rf8 19. Qh5 g6 20. Qe2 e5 21. Bh6 Re8 22. b4 Qc7 23. Rad1 Ne7 24. Qb5 Qc6 25. Qa5 a6 26. Bg5 Kf7 27. Bxe7 Rxe7 28. Qxd5+ Qxd5 29. Rxd5 Rc8 30. Rd3 Rec7 31. Rc1 Ke6 32. Kf1 Rc4 33. a3 e4 34. Rh3 h5 35. Ke2 Kf5 36. Kd2 a5 37. Re1 a4 38. Kc2 g5 39. Rhe3 g4 40. f3 Re8 41. fxg4+ hxg4 42. Rf1+ Kg6 43. h4 Kh5 44. g3 Re5 45. Rf7 b6 46. Rf6 Rb5 47. Re6 Rf5 48. Rxb6 Rf3 49. Rb5+ Kh6 50. Kd2 Rxe3 51. Kxe3 Rxc3+ 52. Kxe4 Rxg3 53. Kf4 Rxa3 54. Kxg4 Rb3 55. Rb6+ Kh7 56. Kg5 a3 57. Rb7+ Kg8 58. Kg6 Rg3+ 59. Kh6 a2 60. Rb8+ Kf7 1/2-1/2

[Event "Bad Woerishofen Seniors op 30th"]
[Site "Bad Woerishofen"]
[Date "2014.03.25"]
[Round "5"]
[White "Engbrecht, Helmut"]
[Black "Schaberg, Wolfgang"]
[Result "1-0"]
[WhiteElo "2037"]
[BlackElo "1884"]
[PlyCount "89"]
[EventDate "2014.03.21"]
[EventType "swiss"]
[EventRounds "9"]
[EventCountry "GER"]
[SourceTitle "EXT 2019"]
[Source "ChessBase"]
[SourceDate "2018.10.10"]
[SourceVersion "1"]
[SourceVersionDate "2018.10.10"]
[SourceQuality "1"]

1. e4 d6 2. Nc3 Nf6 3. Bc4 g6 4. d4 Bg7 5. Nge2 c6 6. Bb3 b5 7. a3 0-0 8. f3 Nbd7 9. Be3 a6 10. g4 c5 11. g5 Nh5 12. Bd5 Rb8 13. f4 e6 14. Bc6 Bb7 15. Bxb7 Rxb7 16. Qd2 b4 17. axb4 Rxb4 18. 0-0 Qb6 19. Na4 Qb5 20. Nac3 Qb6 21. e5 Rd8 22. Rfd1 Bf8 23. Na4 Qc6 24. b3 Ng7 25. Ng3 Be7 26. exd6 Qxd6 27. dxc5 Qb8 28. Qf2 Qc7 29. Rd3 Rc8 30. Rad1 Nb8 31. Nb6 Re8 32. c4 Kf8 33. Ne4 Qc6 34. Ng3 Kg8 35. Bd4 Rd8 36. Na4 Rb7 37. Bxg7 Rxd3 38. Rxd3 Kxg7 39. Qd4+ Kg8 40. Ne4 Nd7 41. Nf6+ Nxf6 42. gxf6 Bf8 43. Qd8 Rc7 44. Rd6 Rc8 45. Rxc6 1-0

[Event "Bad Woerishofen Seniors op 30th"]
[Site "Bad Woerishofen"]
[Date "2014.03.21"]
[Round "1"]
[White "Bhend, Edwin"]
[Black "Schaberg, Wolfgang"]
[Result "1-0"]
[WhiteElo "2200"]
[BlackElo "1884"]
[PlyCount "103"]
[EventDate "2014.03.21"]
[EventType "swiss"]
[EventRounds "9"]
[EventCountry "GER"]
[SourceTitle "EXT 2019"]
[Source "ChessBase"]
[SourceDate "2018.10.10"]
[SourceVersion "1"]
[SourceVersionDate "2018.10.10"]
[SourceQuality "1"]

1. e4 d6 2. d4 Nf6 3. Nc3 g6 4. Nf3 Bg7 5. Be2 0-0 6. 0-0 Na6 7. h3 c5 8. Be3 cxd4 9. Bxd4 Nc7 10. Re1 Ne6 11. Be3 Nd7 12. Qd2 Re8 13. Bh6 Bh8 14. Bc4 Nb6 15. Bf1 Qc7 16. Rab1 Nc4 17. Qc1 Bd7 18. Nd5 Qc6 19. c3 a5 20. Bxc4 Qxc4 21. Nb6 Qc7 22. Nxa8 Rxa8 23. Qc2 Rc8 24. Rbd1 Bb5 25. Be3 Qc4 26. Qb1 Nc5 27. Bxc5 Rxc5 28. Nd4 Bd7 29. Rd2 Be5 30. Qd3 Kf8 31. Nb3 Qxd3 32. Rxd3 Rb5 33. Rd5 Rxd5 34. exd5 b6 35. Nd2 b5 36. a3 Ke8 37. Nf3 Bf6 38. g4 h6 39. Re4 g5 40. Kg2 Kd8 41. Nd4 Be5 42. f3 Kc7 43. Kf2 a4 44. Ke2 Kb6 45. Nf5 Bxf5 46. gxf5 Kc5 47. Rb4 h5 48. Kd3 h4 49. c4 bxc4+ 50. Rxc4+ Kxd5 51. Rb4 Kc5 52. Kc2 1-0

[Event "Arco Christmas op 4th"]
[Site "Arco"]
[Date "2013.12.29"]
[Round "6"]
[White "Lezzerini, Marco"]
[Black "Schaberg, Wolfgang"]
[Result "1/2-1/2"]
[WhiteElo "1990"]
[BlackElo "1866"]
[PlyCount "48"]
[EventDate "2013.12.26"]
[EventType "swiss"]
[EventRounds "7"]
[EventCountry "ITA"]
[SourceTitle "CBM 158 Extra"]
[Source "ChessBase"]
[SourceDate "2014.02.28"]
[SourceVersion "1"]
[SourceVersionDate "2014.02.28"]
[SourceQuality "1"]

1. d4 d5 2. c4 e6 3. Nc3 Nf6 4. cxd5 exd5 5. Bg5 c6 6. e3 h6 7. Bh4 Bf5 8. Qf3 Bg6 9. Bxf6 Qxf6 10. Qxf6 gxf6 11. Rc1 Nd7 12. Nf3 h5 13. Be2 h4 14. 0-0 f5 15. Nd2 Bd6 16. f4 Nf6 17. Nb3 0-0-0 18. Na4 Rde8 19. Rc3 Re7 20. Bf3 Rhe8 21. Kf2 Bb4 22. Rd3 Ng4+ 23. Kg1 Rxe3 24. Rxe3 Nxe3 1/2-1/2

[Event "Provaglio op 30th"]
[Site "Provaglio"]
[Date "2013.12.20"]
[Round "7"]
[White "Schaberg, Wolfgang"]
[Black "Cristiani, Cesare"]
[Result "1-0"]
[WhiteElo "1866"]
[BlackElo "2117"]
[PlyCount "79"]
[EventDate "2013.11.08"]
[EventType "swiss"]
[EventRounds "7"]
[EventCountry "ITA"]
[SourceTitle "EXT 2015"]
[Source "ChessBase"]
[SourceDate "2014.11.20"]
[SourceVersion "1"]
[SourceVersionDate "2014.11.20"]
[SourceQuality "1"]

1. e4 e6 2. d4 d5 3. Nd2 c5 4. exd5 Qxd5 5. Ngf3 cxd4 6. Bc4 Qd6 7. 0-0 Nf6 8. Nb3 Nc6 9. Nbxd4 Nxd4 10. Qxd4 a6 11. Bf4 Qxd4 12. Nxd4 Be7 13. Be2 Nd5 14. Bg3 0-0 15. c4 Nf6 16. Bf3 Bc5 17. Rad1 Re8 18. Rfe1 Ba7 19. Nc6 Bc5 20. Ne5 Ba7 21. Rd3 Bb8 22. Red1 Bc7 23. b4 h5 24. a4 g5 25. h3 Kg7 26. Kh1 Rh8 27. Kg1 Rb8 28. b5 axb5 29. axb5 Ra8 30. c5 Ra5 31. Rb3 Ra4 32. b6 Bb8 33. c6 g4 34. hxg4 hxg4 35. cxb7 gxf3 36. bxc8Q Rxc8 37. b7 Rc2 38. Nxf3 Raa2 39. Bxb8 Rxf2 40. Ne1 1-0

[Event "Provaglio Primavera op"]
[Site "Provaglio"]
[Date "2013.03.15"]
[Round "3"]
[White "Cattaneo, Ugo"]
[Black "Schaberg, Wolfgang"]
[Result "0-1"]
[WhiteElo "1830"]
[BlackElo "1839"]
[PlyCount "94"]
[EventDate "2013.03.08"]
[EventType "swiss"]
[EventRounds "7"]
[EventCountry "ITA"]
[SourceTitle "EXT 2014"]
[Source "ChessBase"]
[SourceDate "2013.11.20"]
[SourceVersion "1"]
[SourceVersionDate "2013.11.20"]
[SourceQuality "1"]

1. e4 d6 2. d4 Nf6 3. Nc3 g6 4. Bg5 Bg7 5. Be2 h6 6. Be3 c6 7. Qd2 b5 8. a3 a5 9. Bf3 Ng4 10. Nge2 Nxe3 11. fxe3 e5 12. Nd1 Nd7 13. Nf2 h5 14. Nd3 Bh6 15. Qc3 Qc7 16. dxe5 dxe5 17. Nc5 0-0 18. 0-0 Qb6 19. b4 Nxc5 20. bxc5 Qc7 21. Rad1 Be6 22. Rd6 Bg7 23. Rfd1 Rfd8 24. Nc1 Rxd6 25. cxd6 Qb6 26. Nb3 Bxb3 27. cxb3 Rd8 28. Be2 Bf8 29. d7 Qb7 30. Qxe5 Rxd7 31. a4 Rxd1+ 32. Bxd1 bxa4 33. bxa4 Qb1 34. Qd4 Qc1 35. Kf2 c5 36. Qd3 c4 37. Qc2 Qa1 38. Ke2 c3 39. Kd3 Bb4 40. Qb3 Kf8 41. Kc2 Ke7 42. Qb1 Qxa4+ 43. Qb3 Qd7 44. Qd5 Qxd5 45. exd5 Kd6 46. e4 Ke5 47. h3 Kxe4 0-1

[Event "Arco op 34th"]
[Site "Arco"]
[Date "2012.10.19"]
[Round "7"]
[White "Beltrami, Nerio"]
[Black "Schaberg, Wolfgang"]
[Result "1-0"]
[WhiteElo "1926"]
[BlackElo "1856"]
[PlyCount "101"]
[EventDate "2012.10.13"]
[EventType "swiss"]
[EventRounds "9"]
[EventCountry "ITA"]
[SourceTitle "EXT 2013"]
[Source "ChessBase"]
[SourceDate "2012.11.22"]
[SourceVersion "1"]
[SourceVersionDate "2012.11.22"]
[SourceQuality "1"]

1. e4 d6 2. d4 Nf6 3. Nc3 g6 4. f4 Bg7 5. Nf3 0-0 6. Be3 c5 7. dxc5 Qa5 8. Bd3 Ng4 9. Bd2 Qxc5 10. Qe2 Nc6 11. h3 Nf6 12. Na4 Nd4 13. Nxc5 Nxe2 14. Kxe2 dxc5 15. g4 b6 16. Bc3 Bb7 17. Nd2 Rfd8 18. Rhe1 e6 19. Kf1 Ne8 20. e5 Nc7 21. Ne4 Bf8 22. Rad1 Be7 23. g5 Bc6 24. Bd2 Rd4 25. Nc3 Rad8 26. Be3 R4d7 27. Kf2 Kf8 28. a3 Ke8 29. h4 Kf8 30. h5 Kg7 31. h6+ Kf8 32. Be2 Rxd1 33. Rxd1 Rxd1 34. Nxd1 Ke8 35. Nc3 Kd7 36. Bf3 Nd5 37. Ne2 Bb5 38. Nc1 Kc7 39. Nb3 Ba4 40. Na1 Bb5 41. b3 Nxe3 42. Kxe3 c4 43. b4 a5 44. c3 axb4 45. axb4 Bd7 46. Kd4 b5 47. Nc2 Kb6 48. Be4 Be8 49. Ne3 Bd7 50. Ng4 Bc8 51. Nf6 1-0

[Event "Arco op 34th"]
[Site "Arco"]
[Date "2012.10.16"]
[Round "4"]
[White "Kierzek, Mira"]
[Black "Schaberg, Wolfgang"]
[Result "1-0"]
[WhiteElo "2018"]
[BlackElo "1856"]
[PlyCount "73"]
[EventDate "2012.10.13"]
[EventType "swiss"]
[EventRounds "9"]
[EventCountry "ITA"]
[SourceTitle "EXT 2013"]
[Source "ChessBase"]
[SourceDate "2012.11.22"]
[SourceVersion "1"]
[SourceVersionDate "2012.11.22"]
[SourceQuality "1"]

1. d4 d5 2. Nf3 Nf6 3. e3 e6 4. Bd3 c5 5. b3 Nc6 6. Bb2 Qc7 7. a3 a6 8. Ne5 cxd4 9. exd4 Bd6 10. f4 Bd7 11. 0-0 h5 12. Nd2 Be7 13. c4 Qb6 14. c5 Qc7 15. b4 Nxe5 16. dxe5 Ng4 17. Qf3 g6 18. Bd4 Ba4 19. Rac1 Qc6 20. Rb1 Bb5 21. Ra1 0-0 22. h3 Nh6 23. g4 Bxd3 24. Qxd3 hxg4 25. hxg4 Kg7 26. Qg3 g5 27. f5 f6 28. Rae1 exf5 29. gxf5 Rg8 30. e6 Rh8 31. Re2 Rag8 32. Rg2 Kf8 33. Rff2 Rh7 34. Qb8+ Kg7 35. Rxg5+ Kh8 36. Rxg8+ Nxg8 37. Rg2 1-0

[Event "Brescia Province-ch"]
[Site "Provaglio"]
[Date "2012.04.13"]
[Round "7"]
[White "Bosio, Devis"]
[Black "Schaberg, Wolfgang"]
[Result "1/2-1/2"]
[WhiteElo "2066"]
[BlackElo "1886"]
[PlyCount "63"]
[EventDate "2012.03.02"]
[EventType "swiss"]
[EventRounds "8"]
[EventCountry "ITA"]
[SourceTitle "EXT 2024"]
[Source "ChessBase"]
[SourceDate "2023.10.10"]
[SourceVersion "1"]
[SourceVersionDate "2023.10.10"]
[SourceQuality "1"]

1. e4 d6 2. d4 Nf6 3. Nc3 g6 4. f4 Bg7 5. Nf3 0-0 6. Bd3 Na6 7. 0-0 c5 8. d5 Bd7 9. Qe2 Nc7 10. a4 a6 11. a5 Rb8 12. Bd2 e6 13. dxe6 Bxe6 14. Na4 Re8 15. Bc3 Bd7 16. Rfe1 Bc6 17. e5 Nfd5 18. Bd2 Qd7 19. Nc3 Nxc3 20. Bxc3 d5 21. b3 Qg4 22. Bd2 Ne6 23. Nd4 Qxe2 24. Nxe2 Nc7 25. Ng3 f6 26. Bc3 fxe5 27. Bxe5 Bxe5 28. Rxe5 Rxe5 29. fxe5 Ne6 30. Ne2 Rf8 31. Rf1 Rxf1+ 32. Kxf1 1/2-1/2

[Event "Arco op 33rd"]
[Site "Arco"]
[Date "2011.10.30"]
[Round "9"]
[White "Badano, Fabio"]
[Black "Schaberg, Wolfgang"]
[Result "0-1"]
[WhiteElo "1741"]
[BlackElo "1880"]
[PlyCount "98"]
[EventDate "2011.10.22"]
[EventType "swiss"]
[EventRounds "9"]
[EventCountry "ITA"]
[SourceTitle "EXT 2012"]
[Source "ChessBase"]
[SourceDate "2011.11.24"]
[SourceVersion "1"]
[SourceVersionDate "2011.11.24"]
[SourceQuality "1"]

1. e4 c5 2. Nf3 d6 3. d4 cxd4 4. Nxd4 Nf6 5. Nc3 a6 6. Be3 e6 7. f3 Be7 8. Qd2 Qc7 9. 0-0-0 b5 10. Bxb5+ axb5 11. Ndxb5 Qc6 12. Nxd6+ Qxd6 13. Qxd6 Bxd6 14. Rxd6 Nbd7 15. Rhd1 Ke7 16. Bg5 h6 17. Bxf6+ Nxf6 18. Kb1 e5 19. R6d2 Be6 20. Nd5+ Bxd5 21. exd5 Rhc8 22. b3 Rc3 23. Rd3 Rac8 24. Rxc3 Rxc3 25. Kb2 Re3 26. Rd2 Kd6 27. c4 e4 28. fxe4 Nxe4 29. Rc2 Nc5 30. Ka3 f5 31. Rf2 g6 32. g3 Ke5 33. Rc2 g5 34. Kb4 Kd6 35. Kb5 f4 36. gxf4 gxf4 37. Rg2 Ne4 38. Rg6+ Ke5 39. Rxh6 f3 40. Rh3 f2 41. Rxe3 f1Q 42. a4 Qf8 43. Rxe4+ Kxe4 44. b4 Kd4 45. a5 Qb8+ 46. Kc6 Kxc4 47. d6 Qc8+ 48. Kb6 Kd5 49. a6 Qb8+ 0-1

[Event "Provaglio op 27th"]
[Site "Provaglio"]
[Date "2010.11.19"]
[Round "4"]
[White "Ghidinelli, Giorgio"]
[Black "Schaberg, Wolfgang"]
[Result "1/2-1/2"]
[WhiteElo "1911"]
[BlackElo "1941"]
[PlyCount "40"]
[EventDate "2010.10.29"]
[EventType "swiss"]
[EventRounds "8"]
[EventCountry "ITA"]
[SourceTitle "EXT 2015"]
[Source "ChessBase"]
[SourceDate "2014.11.20"]
[SourceVersion "1"]
[SourceVersionDate "2014.11.20"]
[SourceQuality "1"]

1. d4 d5 2. c4 dxc4 3. Nc3 e5 4. Nf3 exd4 5. Qxd4 Qxd4 6. Nxd4 c6 7. a4 Bc5 8. Nc2 Be6 9. e4 Nd7 10. Be3 Ngf6 11. Be2 0-0 12. 0-0 Bxe3 13. Nxe3 Nc5 14. Bxc4 Bxc4 15. Nxc4 Ncxe4 16. Nxe4 Nxe4 17. Rfd1 b6 18. f3 Nc5 19. Rd6 Rfd8 20. Rxc6 Rac8 1/2-1/2